Every Team's Steals Leader 2024-2025 - Statistics

General Stats
  • This quiz has been taken 4 times
  • The average score is 14 of 30
Answer Stats
Team Answer Steals % Correct
LAL Austin Reaves 81
100%
SAS Chris Paul 103
100%
GSW Draymond Green 99
100%
CHA Josh Green 74
100%
OKC Shai Gilgeous-Alexander 131
100%
IND Tyrese Haliburton 105
100%
CLE Donovan Mitchell 95
75%
ATL Dyson Daniels 229
75%
BOS Jayson Tatum 76
75%
WAS Jordan Poole 86
75%
NYK Josh Hart 119
75%
DEN Nikola Jokic 127
75%
SAC Keon Ellis 121
50%
TOR Scottie Barnes 93
50%
PHO Tyus Jones 69
50%
DET Ausar Thompson 98
25%
MIA Bam Adebayo 98
25%
MIN Jaden Mcdaniels 110
25%
CHI Josh Giddey 84
25%
BRK Keon Johnson 82
25%
LAC Kris Dunn 128
25%
MEM Scottie Pippen 103
25%
DAL Spencer Dinwiddie 70
25%
UTA Isaiah Collier 66
0%
NOP Jose Alvarado 74
0%
PHI Kelly Oubre 92
0%
ORL Kentavious Caldwell-Pope 99
0%
HOU Tari Eason 97
0%
MIL Taurean Prince 76
0%
POR Toumani Camara 116
0%
No matching quizzes found
Score Distribution
Percent of People with Each Score
Percentile by Number Answered
Your Score History
You have not taken this quiz